000 00630nam a2200229 i 4500
001 bgj
100 1 _aSEKULER, Robert
245 1 0 _aPerception /
_cRobert Sekuler ; Randolph Blake.
250 _a2nd edition.
260 _aNew York [etc.] :
_bMcGraw-Hill Publishing Company,
_cc. 1990.
300 _aXV, 519 pp :
_bill. ;
_c25 cm.
504 _aBibliography p. 463-496.
505 _aIncludes index.
650 9 _aPerception
700 1 _aBLAKE, Randolph.
_eco-author
020 _a007056065X
040 _cBPK
041 0 _aeng
920 _a0-07-056065-X
942 _cKS
008 s uk f |000 0 eng
999 _c47718
_d47718
856 _uhttp://koha.tu.koszalin.pl/cgi-bin/koha/opac-detail.pl?biblionumber=47718
_yKatalog online BPK